Selected Topics in Inorganic Chemistry (Record no. 10063)
[ view plain ]
| 000 -LEADER | |
|---|---|
| fixed length control field | 00292nam a22001337a 4500 |
| 003 - CONTROL NUMBER IDENTIFIER | |
| control field | SGT |
| 082 ## - DEWEY DECIMAL CLASSIFICATION NUMBER | |
| Classification number | 546,MAL |
| 100 ## - MAIN ENTRY--PERSONAL NAME | |
| Personal name | MALIK |
| 245 ## - TITLE STATEMENT | |
| Title | Selected Topics in Inorganic Chemistry |
| 260 ## - PUBLICATION, DISTRIBUTION, ETC. (IMPRINT) | |
| Place of publication, distribution, etc | NEW DELHI |
| Name of publisher, distributor, etc | S. CHAND |
| Year of Publication | 2016 |
| 300 ## - PAGE DESCRIPTION | |
| No. of Pages | 1142 |
| 650 ## - SUBJECT ADDED ENTRY--TOPICAL TERM | |
| Topical term or geographic name as entry element | Chemistry |
| 942 ## - ADDED ENTRY ELEMENTS (KOHA) | |
| Source of classification or shelving scheme | Dewey Decimal Classification |
| Koha item type | FPS Books |
| 942 ## - ADDED ENTRY ELEMENTS (KOHA) | |
| -- | 11 |
| Withdrawn status | Lost status | Source of classification or shelving scheme | Damaged status | Not for loan | Collection code | Home library | Current library | Shelving location | Date acquired | Vendor Name | SGTU | Bill Number | Total Checkouts | Full call number | Accession No. (Barcode) | Date last seen | Date last borrowed | Bill Date | Koha item type | Total Renewals |
|---|---|---|---|---|---|---|---|---|---|---|---|---|---|---|---|---|---|---|---|---|
| Dewey Decimal Classification | SCIENCE | SGT Science & Social Sciences Library | SGT Science & Social Sciences Library | Text Book | 30/11/2016 | UNIVERSAL BOOK STALL | SGTU | 337 | 18 | 546,MAL | PS2891 | 04/09/2019 | 26/08/2019 | 16/10/2016 | FPS Books | |||||
| Dewey Decimal Classification | SCIENCE | SGT Science & Social Sciences Library | SGT Science & Social Sciences Library | Text Book | 30/11/2016 | UNIVERSAL BOOK STALL | SGTU | 337 | 25 | 546,MAL | PS2892 | 07/03/2025 | 07/03/2025 | 16/10/2016 | FPS Books | |||||
| Dewey Decimal Classification | SCIENCE | SGT Science & Social Sciences Library | SGT Science & Social Sciences Library | Text Book | 30/11/2016 | UNIVERSAL BOOK STALL | SGTU | 337 | 18 | 546,MAL | PS2893 | 24/12/2022 | 13/12/2022 | 16/10/2016 | FPS Books | 2 | ||||
| Dewey Decimal Classification | SCIENCE | SGT Science & Social Sciences Library | SGT Science & Social Sciences Library | Text Book | 30/11/2016 | UNIVERSAL BOOK STALL | SGTU | 337 | 22 | 546,MAL | PS2894 | 10/11/2020 | 28/10/2020 | 16/10/2016 | FPS Books | |||||
| Dewey Decimal Classification | SCIENCE | SGT Science & Social Sciences Library | SGT Science & Social Sciences Library | Text Book | 30/11/2016 | UNIVERSAL BOOK STALL | SGTU | 337 | 34 | 546,MAL | PS2895 | 06/12/2022 | 21/11/2022 | 16/10/2016 | FPS Books | |||||
| Dewey Decimal Classification | SCIENCE | SGT Science & Social Sciences Library | SGT Science & Social Sciences Library | Text Book | 30/11/2016 | UNIVERSAL BOOK STALL | SGTU | 337 | 32 | 546,MAL | PS2896 | 17/12/2022 | 03/12/2022 | 16/10/2016 | FPS Books | |||||
| Dewey Decimal Classification | SCIENCE | SGT Science & Social Sciences Library | SGT Science & Social Sciences Library | Text Book | 30/11/2016 | UNIVERSAL BOOK STALL | SGTU | 337 | 20 | 546,MAL | PS2897 | 03/02/2020 | 01/02/2020 | 16/10/2016 | FPS Books | |||||
| Dewey Decimal Classification | SCIENCE | SGT Science & Social Sciences Library | SGT Science & Social Sciences Library | Text Book | 30/11/2016 | UNIVERSAL BOOK STALL | SGTU | 337 | 15 | 546,MAL | PS2898 | 20/12/2022 | 02/12/2022 | 16/10/2016 | FPS Books |